The cuckoo /

Bibliographic Details
Main Author: Wyllie, Ian
Format: Book
Language:English
Published: New York, N.Y. : Universe Books, 1981.
Subjects:

MARC

Tag First Indicator Second Indicator Subfields
LEADER 00000cam a22000008a 4500
001 in00000071946
005 20151008062456.0
008 810514s1981 nyuaf b 00110 eng
010 |a  81040494  
020 |a 0876633718 :  |c $30.00 
035 |a (OCoLC)07554649 
035 |9 AAK0299AM 
039 0 |a 2  |b 3  |c 3  |d 3  |e 3 
040 |a DLC  |c DLC  |d TXA  |d UtOrBLW 
049 |a TXAM  |c [1672254] 
050 0 0 |a QL696.C83  |b W93 
082 0 |a 598/.74  |2 19 
100 1 |a Wyllie, Ian. 
245 1 4 |a The cuckoo /  |c Ian Wyllie. 
263 |a 8111 
264 1 |a New York, N.Y. :  |b Universe Books,  |c 1981. 
300 |a 176 pages, 32 unnumbered pages of plates :  |b illustrations (some color) ;  |c 24 cm. 
336 |a text  |b txt  |2 rdacontent 
337 |a unmediated  |b n  |2 rdamedia 
338 |a volume  |b nc  |2 rdacarrier 
500 |a Includes index. 
504 |a Bibliography: pages [160]-169. 
650 0 |a Cuckoos. 
999 |a MARS 
999 f f |s 535af2f4-38fc-32ea-b21c-472bc05cb8af  |i 78032abe-2563-35ca-8a5e-2013332b6093  |t 0 
952 f f |p ric  |a Texas A&M University  |b Rellis Campus  |c Joint Library Facility  |s JLF  |d Remote Storage  |t 0  |e QL696.C83 W93  |h Library of Congress classification  |i unmediated -- volume  |m A14818489524 
998 f f |a QL696.C83 W93  |t 0  |l Remote Storage